Leader mondiali #1 - Statistics

Statistiche generali
  • Questo quiz è stato fatto 64 volte
  • Il punteggio medio è 11 su 17
Statistiche sulle risposte
STATO ANNI IN CARICA LEADER % Corretto
Usa 2017-2021 Trump
98%
Russia (de facto) 2000- Putin
92%
Francia 2017- Macron
88%
Germania 2005-2021 Merkel
87%
Corea del Nord 2011- Kim Jong-Un/Kim
83%
Italia 2014-2016 Renzi
80%
Cuba 1959-2011 Fidel Castro/Castro
78%
Libia 1977-2011 Gheddafi
75%
Regno Unito 2019-2022 Johnson
67%
Sudafrica 1994-1999 Mandela
63%
Città del Vaticano 2005-2013 Benedetto XVI
62%
Cina 2012- Xi Jinping
60%
Canada 2015- Trudeau
53%
Siria 2000- Assad
50%
India 2014- Modi
35%
Giappone 2012-2020 Abe
23%
Messico 2018- Obrador
10%
Nessun quiz corrispondente trovato
Distribuzione punteggi
Percentuale di utenti per punteggio
Percentile per numero di risposta
I tuoi punteggi nel tempo
Non hai fatto questo quiz